| 000 | 00602 a2200205 4500 | ||
|---|---|---|---|
| 001 | 127102 | ||
| 020 | _a9788542613322 | ||
| 040 | _cEscola Canadense de Niteroi | ||
| 090 | _aSOU - TMJ | ||
| 100 | _aSouza, Maurício de | ||
| 245 | 1 | 0 | _aTurma da Mônica Jovem: Sombras do passado |
| 260 | _aSão Paulo | ||
| 300 |
_a248 p. _bil. _cm x 16.00cm |
||
| 362 | 0 | _a2019 | |
| 490 | 0 | _aTurma da Mônica Jovem | |
| 520 | _aUma emocionante aventura sobre medos do passado! Que inimigas voltarão para assombrar a galera? | ||
| 650 | 4 | _aLiteratura Infanto Juvenil | |
| 650 | 4 | _aQuadrinhos | |
| 942 | _cBK | ||
| 999 |
_c127102 _d127102 |
||